Machine Learning and Knowledge Extraction : 4th IFIP TC 5, TC 12, WG 8.4, WG 8.9, WG 12.9 International Cross-Domain Conference, CD-MAKE 2020, Dublin, Ireland, August 25-28, 2020, Proceedings /

This book constitutes the refereed proceedings of the 4th IFIP TC 5, TC 12, WG 8.4, WG 8.9, WG 12.9 International Cross-Domain Conference, CD-MAKE 2020, held in Dublin, Ireland, in August 2020. The 30 revised full papers presented were carefully reviewed and selected from 140 submissions. The cross-...

Full description

Bibliographic Details
Corporate Author: SpringerLink (Online service)
Other Authors: Holzinger, Andreas (Editor), Kieseberg, Peter (Editor), Tjoa, A Min (Editor), Weippl, Edgar (Editor)
Format: eBook
Language:English
Published: Cham : Springer International Publishing : Imprint: Springer, 2020.
Edition:1st ed. 2020.
Series:Information Systems and Applications, incl. Internet/Web, and HCI ; 12279
Subjects:
Online Access:Connect to the full text of this electronic book

MARC

Tag First Indicator Second Indicator Subfields
LEADER 00000nam a22000005i 4500
001 in00004380821
006 m o d
007 cr nn 008mamaa
008 200819s2020 sz | o |||| 0|eng d
005 20230330184914.3
020 |a 9783030573218 
024 7 |a 10.1007/978-3-030-57321-8  |2 doi 
035 |a (DE-He213)978-3-030-57321-8 
035 |a in00004380821 
050 4 |a Q334-342 
072 7 |a UYQ  |2 bicssc 
072 7 |a COM004000  |2 bisacsh 
072 7 |a UYQ  |2 thema 
082 0 4 |a 006.3  |2 23 
245 1 0 |a Machine Learning and Knowledge Extraction :  |b 4th IFIP TC 5, TC 12, WG 8.4, WG 8.9, WG 12.9 International Cross-Domain Conference, CD-MAKE 2020, Dublin, Ireland, August 25-28, 2020, Proceedings /  |c edited by Andreas Holzinger, Peter Kieseberg, A Min Tjoa, Edgar Weippl. 
250 |a 1st ed. 2020. 
264 1 |a Cham :  |b Springer International Publishing :  |b Imprint: Springer,  |c 2020. 
300 |a 1 online resource (XI, 552 pages 171 illustrations, 112 illustrations in color.) 
336 |a text  |b txt  |2 rdacontent 
337 |a computer  |b c  |2 rdamedia 
338 |a online resource  |b cr  |2 rdacarrier 
347 |a text file  |b PDF  |2 rda 
490 1 |a Information Systems and Applications, incl. Internet/Web, and HCI ;  |v 12279 
505 0 |a Explainable Artificial Intelligence: concepts, applications, research challenges and visions -- The Explanation Game: Explaining Machine Learning Models Using Shapley Values -- Back to the Feature: a Neural-Symbolic Perspective on Explainable AI -- Explain Graph Neural Networks to Understand Weighted Graph Features in Node Classification -- Explainable Reinforcement Learning: A Survey -- A Projected Stochastic Gradient algorithm for estimating Shapley Value applied in attribute importance -- Explaining predictive models with mixed features using Shapley values and conditional inference trees -- Explainable Deep Learning for Fault Prognostics in Complex Systems: A Particle Accelerator Use-Case -- eXDiL: A Tool for Classifying and eXplaining Hospital Discharge Letters -- Data Understanding and Interpretation by the Cooperation of Data Analyst and Medical Expert -- A study on the fusion of pixels and patient metadata in CNN-based classification of skin lesion images -- The European legal framework for medical AI -- An Efficient Method for Mining Informative Association Rules in Knowledge Extraction -- Interpretation of SVM using Data Mining Technique to Extract Syllogistic Rules -- Non-Local Second-Order Attention Network For Single Image Super Resolution -- ML-ModelExplorer: An explorative model-agnostic approach to evaluate and compare multi-class classifiers -- Subverting Network Intrusion Detection: Crafting Adversarial Examples Accounting for Domain-Specific Constraints -- Scenario-based Requirements Elicitation for User-Centric Explainable AI A Case in Fraud Detection -- On-the-fly Black-Box Probably Approximately Correct Checking of Recurrent Neural Networks -- Active Learning for Auditory Hierarchy -- Improving short text classification through global augmentation methods -- Interpretable Topic Extraction and Word Embedding Learning using row-stochastic DEDICOM -- A Clustering Backed Deep Learning Approach for Document Layout Analysis -- Calibrating Human-AI Collaboration: Impact of Risk, Ambiguity and Transparency on Algorithmic Bias -- Applying AI in Practice: Key Challenges and Lessons Learned -- Function Space Pooling For Graph Convolutional Networks -- Analysis of optical brain signals using connectivity graph networks -- Property-Based Testing for Parameter Learning of Probabilistic Graphical Models -- An Ensemble Interpretable Machine Learning Scheme for Securing Data Quality at the Edge -- Inter-Space Machine Learning in Smart Environments. 
520 |a This book constitutes the refereed proceedings of the 4th IFIP TC 5, TC 12, WG 8.4, WG 8.9, WG 12.9 International Cross-Domain Conference, CD-MAKE 2020, held in Dublin, Ireland, in August 2020. The 30 revised full papers presented were carefully reviewed and selected from 140 submissions. The cross-domain integration and appraisal of different fields provides an atmosphere to foster different perspectives and opinions; it will offer a platform for novel ideas and a fresh look on the methodologies to put these ideas into business for the benefit of humanity. Due to the Corona pandemic CD-MAKE 2020 was held as a virtual event. 
650 0 |a Artificial intelligence. 
650 0 |a Optical data processing. 
650 0 |a Software engineering. 
650 0 |a Computers. 
650 0 |a Application software. 
650 1 4 |a Artificial Intelligence.  |0 https://scigraph.springernature.com/ontologies/product-market-codes/I21000 
650 2 4 |a Computer Imaging, Vision, Pattern Recognition and Graphics.  |0 https://scigraph.springernature.com/ontologies/product-market-codes/I22005 
650 2 4 |a Software Engineering/Programming and Operating Systems.  |0 https://scigraph.springernature.com/ontologies/product-market-codes/I14002 
650 2 4 |a Computing Milieux.  |0 https://scigraph.springernature.com/ontologies/product-market-codes/I24008 
650 2 4 |a Computer Applications.  |0 https://scigraph.springernature.com/ontologies/product-market-codes/I23001 
655 7 |a Electronic books.  |2 local 
700 1 |a Holzinger, Andreas.  |e editor.  |0 (orcid)0000-0002-6786-5194  |1 https://orcid.org/0000-0002-6786-5194  |4 edt  |4 http://id.loc.gov/vocabulary/relators/edt 
700 1 |a Kieseberg, Peter.  |e editor.  |0 (orcid)0000-0002-2847-2152  |1 https://orcid.org/0000-0002-2847-2152  |4 edt  |4 http://id.loc.gov/vocabulary/relators/edt 
700 1 |a Tjoa, A Min.  |e editor.  |0 (orcid)0000-0002-8295-9252  |1 https://orcid.org/0000-0002-8295-9252  |4 edt  |4 http://id.loc.gov/vocabulary/relators/edt 
700 1 |a Weippl, Edgar.  |e editor.  |4 edt  |4 http://id.loc.gov/vocabulary/relators/edt 
710 2 |a SpringerLink (Online service) 
773 0 |t Springer Nature eBook 
776 0 8 |i Printed edition:  |z 9783030573201 
776 0 8 |i Printed edition:  |z 9783030573225 
830 0 |a Information Systems and Applications, incl. Internet/Web, and HCI ;  |v 12279 
856 4 0 |u http://proxy.library.tamu.edu/login?url=https://doi.org/10.1007/978-3-030-57321-8  |z Connect to the full text of this electronic book  |t 0 
950 |a Computer Science (SpringerNature-11645) 
950 |a Computer Science (R0) (SpringerNature-43710) 
955 |a Springer EBA Purchase 
999 f f |s f6d5c23e-9de5-49af-b2a2-4e6ff53f3bd0  |i 5dd34382-7d3f-30b3-90a7-419c392d7462  |t 0 
952 f f |a Texas A&M University  |b College Station  |c Electronic Resources  |d Available Online  |t 0  |e Q334-342   |h Library of Congress classification 
998 f f |a Q334-342   |t 0  |l Available Online